| Tag |
First Indicator |
Second Indicator |
Subfields |
| LEADER |
00000cam a2200000 a 4500 |
| 001 |
in00000091107 |
| 005 |
20150923131308.0 |
| 008 |
820416s1981 enkac b 00110 eng |
| 010 |
|
|
|a 80049806
|
| 015 |
|
|
|a GB***
|
| 020 |
|
|
|a 052123414X :
|c 918.50
|
| 035 |
|
|
|a (OCoLC)07581684
|
| 035 |
|
|
|9 AAK6694AM
|
| 039 |
0 |
|
|a 2
|b 3
|c 3
|d 3
|e 3
|
| 040 |
|
|
|a DLC
|c DLC
|d TXA
|d UtOrBLW
|
| 049 |
|
|
|a TXAM
|c [1633301]
|
| 050 |
0 |
0 |
|a PN2638 P6
|b D3
|
| 082 |
0 |
|
|a 842/.914
|a B
|2 19
|
| 100 |
1 |
|
|a Daoust, Yvette.
|
| 245 |
1 |
0 |
|a Roger Planchon, director and playwright /
|c Yvette Daoust.
|
| 264 |
|
1 |
|a Cambridge [Cambridgeshire] ;
|a New York :
|b Cambridge University Press,
|c 1981.
|
| 300 |
|
|
|a xi, 252 pages :
|b illustrations, portraits ;
|c 24 cm.
|
| 336 |
|
|
|a text
|b txt
|2 rdacontent
|
| 337 |
|
|
|a unmediated
|b n
|2 rdamedia
|
| 338 |
|
|
|a volume
|b nc
|2 rdacarrier
|
| 500 |
|
|
|a Includes index.
|
| 504 |
|
|
|a Bibliography: pages 240-243.
|
| 600 |
1 |
0 |
|a Planchon, Roger,
|d 1931-2009
|x Careers.
|
| 600 |
1 |
0 |
|a Planchon, Roger,
|d 1931-2009
|x Criticism and interpretation.
|
| 650 |
|
0 |
|a Theatrical producers and directors
|z France
|v Biography.
|
| 650 |
|
0 |
|a Dramatists, French
|y 20th century
|v Biography.
|
| 999 |
|
|
|a MARS
|
| 999 |
f |
f |
|s 05a8a9cb-f35a-3784-bcb2-c1f698191d05
|i f4099903-d9f2-38cc-9bbe-ad35d8d95a41
|t 0
|
| 952 |
f |
f |
|p ric
|a Texas A&M University
|b Rellis Campus
|c Joint Library Facility
|d Remote Storage
|t 0
|e PN2638 P6 D3
|h Library of Congress classification
|i unmediated -- volume
|m A14806274468
|
| 998 |
f |
f |
|a PN2638 P6 D3
|t 0
|l Remote Storage
|